• 首页
  • 本馆介绍
  • 公告通知
  • 最新文献
  • 馆藏检索
  • 电子资源
  • 读者导购
  • 参考咨询
  • 我的图书馆
  • 登录
  • 详细信息显示
  • 放入我的书架
  • 预约/预借图书
  • 作者相关作品
  • 分类相关作品
  • 丛书相关作品
  • 出版社相关作品

书目信息

  • 表格格式
  • 工作单格式
  • 卡片格式
题名:
中小型水利水电工程地质
    
 
作者: ;长春地质学院工程地质教研室《中小型水利水电工程地质》编写组 编
分册:  
出版信息: 北京   水利水电出版社  1978.06
页数: 346页
开本: 26cm
丛书名:
单 册:
中图分类: TV7
科图分类:
主题词: 水力能源--利用 , 水力发电站--水力发电工程
电子资源:
ISBN:
000 00837nam0 2200217 45
001 0209231503
005 20031219104115.3
010    @dCNY1.80
091    @a15143.3337
100    @a20020923d1978 km y0chiy0120 ea
101 0  @achi
105    @aa z 000yy
200 1  @a中小型水利水电工程地质@AZhong Xiao Xing Shui Li Shui Dian Gong Cheng Di Zhi@f长春地质学院工程地质教研室《中小型水利水电工程地质》编写组编@FChang Chun Di Zhi Xue Yuan Gong Cheng Di Zhi Jiao Yan Shi《Zhong Xiao Xing Shui Li Shui Dian Gong Cheng Di Zhi》Bian Xie Zu Bian
210    @a北京@c水利水电出版社@d1978.06
215    @a346页@c图表@d26cm
606 0  @a水力能源@x利用
606 0  @a水力发电站@x水力发电工程
690    @aTV7@v3
711 02 @a长春地质学院工程地质教研室《中小型水利水电工程地质》编写组@4编
801    @aCN@bTSTC@c20020923
905    @f1@b2594@dTV7@e1
    
    中小型水利水电工程地质/长春地质学院工程地质教研室《中小型水利水电工程地质》编写组编.-北京:水利水电出版社,1978.06
    346页:图表;26cm
    
    
    ISBN :CNY1.80
    
●
相关链接 在E读中查询图书 在五车中查询图书 在当当中查询图书 在豆瓣中查询图书


正题名:中小型水利水电工程地质     索取号:TV7/1         预约/预借

序号 登录号 条形码 馆藏地/架位号 状态 备注
1 0002594   001837132   密集书库/ [索取号:TV7/1] 在馆    
唐山师范学院图书馆 欢迎您!
大连网信软件有限公司© 版权所有